The theory and practice of heat engines. (Record no. 545838)
[ view plain ]
| 000 -LEADER | |
|---|---|
| fixed length control field | 00803cam a22002411 4500 |
| 082 ## - DEWEY DECIMAL CLASSIFICATION NUMBER | |
| Classification number | 621.4025 |
| Author Mark | WRA |
| -- | L-12, P-17 |
| 100 1# - MAIN ENTRY--PERSONAL NAME | |
| Personal name | Wrangham, Digby Alfred. |
| 9 (RLIN) | 41805 |
| 245 04 - TITLE STATEMENT | |
| Title | The theory and practice of heat engines. |
| 250 ## - EDITION STATEMENT | |
| Edition statement | 2d ed. |
| 260 ## - PUBLICATION, DISTRIBUTION, ETC. | |
| Place of publication, distribution, etc. | Cambridge [Eng.] |
| Name of publisher, distributor, etc. | University Press, |
| Date of publication, distribution, etc. | 1948. |
| 300 ## - PHYSICAL DESCRIPTION | |
| Extent | xii, 872 p. |
| Other physical details | illus. (part col.) |
| Dimensions | 26 cm. |
| 526 ## - STUDY PROGRAM INFORMATION NOTE | |
| Program name | 0 |
| Interest level | 0 |
| Reading level | 0 |
| Title point value | 621_402500000000000_WRA |
| 526 ## - STUDY PROGRAM INFORMATION NOTE | |
| Program name | 0 |
| Interest level | 0 |
| Reading level | 0 |
| Title point value | 621_402500000000000_WRA |
| 526 ## - STUDY PROGRAM INFORMATION NOTE | |
| Program name | 0 |
| Interest level | 0 |
| Reading level | 0 |
| Title point value | 621_402500000000000_WRA |
| 526 ## - STUDY PROGRAM INFORMATION NOTE | |
| Program name | 0 |
| Interest level | 0 |
| Reading level | 0 |
| Title point value | 621_402500000000000_WRA |
| 526 ## - STUDY PROGRAM INFORMATION NOTE | |
| Program name | 0 |
| Interest level | 0 |
| Reading level | 0 |
| Title point value | 621_402500000000000_WRA |
| 650 #0 - SUBJECT ADDED ENTRY--TOPICAL TERM | |
| Topical term or geographic name entry element | Heat-engines. |
| 9 (RLIN) | 38614 |
| 650 #0 - SUBJECT ADDED ENTRY--TOPICAL TERM | |
| Topical term or geographic name entry element | Internal combustion engines. |
| 650 #0 - SUBJECT ADDED ENTRY--TOPICAL TERM | |
| Topical term or geographic name entry element | Kinetic theory of gases. |
| 9 (RLIN) | 40004 |
| 650 #0 - SUBJECT ADDED ENTRY--TOPICAL TERM | |
| Topical term or geographic name entry element | MCE |
| 9 (RLIN) | 379 |
| 650 #0 - SUBJECT ADDED ENTRY--TOPICAL TERM | |
| Topical term or geographic name entry element | Steam-engines. |
| 9 (RLIN) | 41806 |
| 942 ## - ADDED ENTRY ELEMENTS (KOHA) | |
| Source of classification or shelving scheme | |
| Koha item type | Book |
| Withdrawn status | Lost status | Source of classification or shelving scheme | Damaged status | Not for loan | Permanent Location | Current Location | Date acquired | Total Checkouts | Full call number | Barcode | Date last seen | Price effective from | Koha item type |
|---|---|---|---|---|---|---|---|---|---|---|---|---|---|
| Military College of Engineering (MCE) | Military College of Engineering (MCE) | 05/29/2014 | 621.4025 WRA | MCE-33287 | 05/29/2014 | 05/29/2014 | Book | ||||||
| Military College of Engineering (MCE) | Military College of Engineering (MCE) | 05/29/2014 | 621.4025 WRA | MCE-33285 | 05/29/2014 | 05/29/2014 | Book | ||||||
| Military College of Engineering (MCE) | Military College of Engineering (MCE) | 05/29/2014 | 621.4025 WRA | MCE-33288 | 05/29/2014 | 05/29/2014 | Book | ||||||
| Military College of Engineering (MCE) | Military College of Engineering (MCE) | 05/29/2014 | 621.4025 WRA | MCE-2288 | 05/29/2014 | 05/29/2014 | Book | ||||||
| Military College of Engineering (MCE) | Military College of Engineering (MCE) | 05/29/2014 | 621.4025 WRA | MCE-33286 | 05/29/2014 | 05/29/2014 | Book |
